书目信息 |
| 题名: |
仪器计量误差理论
|
|
| 作者: | 金麟孙 编著 | |
| 分册: | ||
| 出版信息: | 上海 上海科学技术出版社 1983 |
|
| 页数: | 238页 | |
| 开本: | 25cm | |
| 丛书名: | ||
| 单 册: | ||
| 中图分类: | TH701 | |
| 科图分类: | ||
| 主题词: | 仪器--计量--误差--理论 , 计量--仪器--误差--理论 , 误差--计量--仪器--理论 , 仪器 , 仪表 , 仪表装置 | |
| 电子资源: | ||
| ISBN: | ||
| 000 | 00787nam0 2200301 45 960 | |
| 001 | 0639780952 | |
| 002 | 0195053690 | |
| 005 | 20060814110341.84 | |
| 010 | @dCNY1.75 | |
| 091 | @a13119.1055 | |
| 100 | @a19950424d1983 mkgy0chiy0121 ea | |
| 101 | 0 | @achi |
| 102 | @aCN@b310000 | |
| 105 | @ay z 000yy | |
| 106 | @ar | |
| 200 | 10 | @a仪器计量误差理论@f金麟孙编著@Ayi qi ji liang wu cha li lun |
| 210 | @a上海@c上海科学技术出版社@d1983 | |
| 215 | @a238页@d25cm | |
| 606 | @a仪器--计量--误差@x理论 | |
| 606 | @a计量--仪器--误差@x理论 | |
| 606 | @a误差--计量--仪器@x理论 | |
| 606 | 0 | @a仪器 |
| 606 | 0 | @a仪表 |
| 606 | 0 | @a仪表装置 |
| 690 | @aTH701@v3 | |
| 701 | 0 | @a金麟孙@4编著@Ajin lin sun |
| 801 | 0 | @aCN@b上海图书馆 @c20060814 |
| 905 | @a10447@dTH701@e44 | |
| 仪器计量误差理论/金麟孙编著.-上海:上海科学技术出版社,1983 |
| 238页;25cm |
| ISBN :CNY1.75 |
| ● |
| 相关链接 |
|
|
|
|
正题名:仪器计量误差理论
索取号:TH701/44
 
预约/预借
| 序号 | 登录号 | 条形码 | 馆藏地/架位号 | 状态 | 备注 |
| 1 | 0458151 | 204581513 | 密集书库/ [索取号:TH701/44] | 在馆 | |
| 2 | 0458152 | 204581522 | 密集书库/ [索取号:TH701/44] | 在馆 |